000 01508cam a2200409 i 4500
999 _c9638
_d9638
001 19870952
003 GBCCL
005 20241126110716.0
008 170415s2017 ii b 001 0 eng d
010 _a 2017325330
020 _a9789351252955
020 _a9351252957
025 _aI-E-2017325330; 63-91; 70-91
035 _a(OCoLC)ocn995536544
035 _a(OCoLC)995536544
037 _bLibrary of Congress -- New Delhi Overseas Office
040 _aDKAGE
_beng
_erda
_cDKAGE
_dDLC
042 _alccopycat
_alcode
043 _aa-ii---
050 0 0 _aHQ1240.5.I4
_bB56 2017
082 0 4 _a305.420954
_223
_bBIN
100 1 _aBinarani Devi, Thokchom,
_eauthor.
_916751
245 1 0 _aWomen in the contemporary society :
_bissues and challenges /
_cTh. Binarani Devi.
264 1 _aNew Delhi :
_bConcept Publishing Company Pvt. Ltd.,
_c2017.
300 _axvi, 206 pages ;
_c23 cm
336 _atext
_btxt
_2rdacontent
337 _aunmediated
_bn
_2rdamedia
338 _avolume
_bnc
_2rdacarrier
504 _aIncludes bibliographical references (pages 196-199) and index.
520 _aWith reference to Northeastern India.
650 0 _aWomen in development
_zIndia, Northeastern.
_916752
650 0 _aWomen
_xPolitical activity
_zIndia, Northeastern.
_94002
650 0 _aWomen
_zIndia, Northeastern
_xSocial conditions.
_916753
906 _a7
_bcbc
_ccopycat
_d3
_encip
_f20
_gy-gencatlg
942 _2ddc
_cBK
_01